000 00783nam a2200241 u 4500
001 67039
005 20191007111040.0
008 170329s2008 th a r 000 0 eng d
020 _a9781405071451
040 _erda
041 0 _aspa
082 0 _a428.24
_bVIN
100 1 _aVince, Michael,
_eautor
_93939
245 1 0 _aMacmillan english grammar in context :
_badvanced with key /
_cMichael Vince.
250 _aFirst edition
264 1 _aThailand :
_bMacmillan Education,
_c2008
300 _a240 páginas + :
_bilustraciones ;
_c28 cm.
_e1 disco compacto :
336 _atexto
_2rdacontent
_btxt
337 _asin medio
_2rdamedia
_bn
338 _avolumen
_2rdacarrier
_bnc
650 4 _aInglés
_xGramatica comparada y general
999 _c67039
_d67039
942 _h428.24
_iVIN
_cLI